| 000 | 00638nam a22002057a 4500 | ||
|---|---|---|---|
| 003 | OSt | ||
| 005 | 20210423063641.0 | ||
| 008 | 210218s1977 ||||| |||| 00| 0 eng d | ||
| 040 |
_aeng _beng _cDLC |
||
| 041 | _aeng | ||
| 080 |
_a821.111 _bM-44 |
||
| 100 |
_9953 _aMcBain, Ed |
||
| 245 |
_aSo Long as You Both Shall Live _b: an 87th Precinct Mystery _c/ by: A Signet Book / New American Library |
||
| 260 |
_aNew York _bA Signet Book / New American Library _c1977 |
||
| 300 | _a164 p. | ||
| 365 | _b1.50 usd | ||
| 650 | 0 |
_9254 _aEnglish literature |
|
| 653 | _aინგლისური ლიტერატურა | ||
| 942 |
_2udc _cBK |
||
| 999 |
_c1521 _d1521 |
||